| 000 | 00482nam a2200193Ia 4500 | ||
|---|---|---|---|
| 005 | 20250603145850.0 | ||
| 008 | 250603s9999 xx 000 0 und d | ||
| 020 | _a9780137058914 | ||
| 050 | _aTK 5101 .D54/ | ||
| 100 | _aDodd, Annabel Z. | ||
| 245 | 4 | _aThe essential guide to telecommunications | |
| 250 | _a5th ed. | ||
| 260 | _aUpper Saddle River, NJ | ||
| 260 | _bPrentice Hall | ||
| 260 | _c2012 | ||
| 300 | _a483 p | ||
| 650 | _aUpper Saddle River, NJ | ||
| 942 | _cBK | ||
| 999 |
_c43086 _d43086 |
||